[Event "Trzcianka Dziedzic Memorial 9th"]
[Site "Trzcianka"]
[Date "2019.10.13"]
[Round "1"]
[White "Zadkowski, Zbigniew"]
[Black "Zakrzewski, Marek"]
[Result "0-1"]
[WhiteElo "1443"]
[BlackElo "2384"]
[PlyCount "82"]
[EventDate "2019.10.13"]
[EventType "swiss (rapid)"]
[EventRounds "9"]
[EventCountry "POL"]
[SourceTitle "CBM 192 Extra"]
[Source "Chessbase"]
[SourceDate "2019.11.06"]
[SourceVersion "1"]
[SourceVersionDate "2019.11.06"]
[SourceQuality "1"]

1. e4 g6 2. d4 Bg7 3. Nf3 c5 4. c3 cxd4 5. cxd4 d5 6. e5 Bg4 7. h3 Bxf3 8. Qxf3 Nc6 9. Bb5 e6 10. 0-0 Nge7 11. Be3 0-0 12. Nc3 Qb6 13. Rfd1 Rac8 14. Qe2 a6 15. Na4 Qxb5 16. Qxb5 axb5 17. Nc5 Rc7 18. a3 b6 19. Na6 Ra7 20. Nb4 Nxb4 21. axb4 Ra4 22. Bd2 Nf5 23. Bc3 Rfa8 24. b3 Rxa1 25. Rxa1 Rxa1+ 26. Bxa1 f6 27. f4 Bh6 28. g4 Nh4 29. f5 gxf5 30. gxf5 Nxf5 31. Kg2 Be3 32. Bc3 Bxd4 33. Bd2 fxe5 34. Kf3 e4+ 35. Kg4 e3 36. Be1 Bb2 37. Kf4 Bc1 38. Ke5 Kf7 39. Kf4 Bd2 40. Bg3 e2+ 41. Kf3 Nxg3 0-1

[Event "Koszalin op"]
[Site "Koszalin"]
[Date "2012.??.??"]
[Round "8"]
[White "Zadkowski, Zbigniew"]
[Black "Sowinski, Ryszard"]
[Result "0-1"]
[WhiteElo "1665"]
[BlackElo "1569"]
[PlyCount "113"]
[EventDate "2012.01.06"]
[EventType "swiss"]
[EventRounds "9"]
[EventCountry "POL"]
[SourceTitle "CBM 146 Extra"]
[Source "ChessBase"]
[SourceDate "2012.02.29"]
[SourceVersion "1"]
[SourceVersionDate "2012.02.29"]
[SourceQuality "1"]

1. e4 e5 2. d4 exd4 3. Qxd4 Nc6 4. Qe3 b6 5. Nc3 Bb7 6. Bc4 Ne5 7. Bb3 Qf6 8. f4 Ng4 9. Qg3 h5 10. h3 N4h6 11. Nd5 Bxd5 12. Bxd5 c6 13. Bc4 Qd4 14. Bd3 0-0-0 15. Nf3 Qb4+ 16. Nd2 Re8 17. a3 Qe7 18. Nc4 Nf5 19. Qf2 Qh4 20. Qxh4 Nxh4 21. Rg1 f6 22. Be3 d5 23. Nd2 Nf5 24. Bf2 Nd6 25. 0-0-0 dxe4 26. Ba6+ Kc7 27. Be3 Ne7 28. Rge1 Nd5 29. Bc4 Nxe3 30. Rxe3 Nf5 31. Rxe4 Rxe4 32. Nxe4 Ne3 33. Be6 Nxd1 34. Kxd1 Bd6 35. f5 Rd8 36. c3 Bxa3+ 37. Kc2 Bd6 38. g3 a5 39. Bf7 Rh8 40. b3 Be5 41. Bg6 c5 42. Bf7 Kc6 43. c4 b5 44. Bd5+ Kb6 45. Bf7 Rd8 46. Bd5 bxc4 47. Bxc4 Rd4 48. Bd3 Kc6 49. Kd2 a4 50. bxa4 c4 51. Kc2 Rxd3 52. g4 hxg4 53. hxg4 Kd5 54. Nf2 Ra3 55. Nd1 Rxa4 56. Nc3+ Bxc3 57. Kxc3 0-1